| 000 | 00601nam a2200217Ia 4500 | ||
|---|---|---|---|
| 005 | 20250718145507.0 | ||
| 008 | 008 250715s9999 xx 000 0 eng d | ||
| 020 | _a9780670093687 (Hbk) | ||
| 037 | _aTextual | ||
| 040 |
_aFLL _cFLL |
||
| 041 |
_aeng _2eng |
||
| 084 |
_a79(P):1.2, R1 _qFLL |
||
| 100 |
_aMOHAN Peggy Au. _9816024 |
||
| 245 | 0 | _aWanderers, kings, merchants; :The Story of India through its languages | |
| 250 | _a1st. | ||
| 260 |
_bHaryana Penguin random house India _c2021 |
||
| 300 | _axvii,341 ill | ||
| 365 | _b699 | ||
| 942 | _cTEXL | ||
| 999 |
_c1433904 _d1433904 |
||